El cuento en pedagogía y en reeducación
保存先:
| 第一著者: | |
|---|---|
| フォーマット: | 図書 |
| 言語: | スペイン語 |
| 出版事項: |
Ciudad de México, México
Fondo de Cultura Económica
2000
|
| 版: | 1a. ed |
| シリーズ: | Sección de Obras de Eucación y Pedagogía
|
| 主題: | |
| タグ: |
タグ追加
タグなし, このレコードへの初めてのタグを付けませんか!
|
MARC
| LEADER | 00000cam a2200000 a 4500 | ||
|---|---|---|---|
| 001 | UCI1778 | ||
| 003 | CL-VaPUC | ||
| 005 | 20231128150834.0 | ||
| 008 | 070713e20000000MX |||||||||||||||||spa|d | ||
| 999 | |c 326515 |d 326513 | ||
| 020 | |a 9681658302 | ||
| 040 | |c Pontificia Universidad Católica de Valparaíso | ||
| 082 | 0 | 4 | |a 370.15 GIL 2000 |2 21 |
| 100 | 0 | |a Gillig, Jean-Marie |e author |9 522439 | |
| 245 | 1 | 3 | |a El cuento en pedagogía y en reeducación |
| 250 | |a 1a. ed | ||
| 260 | |a Ciudad de México, México |b Fondo de Cultura Económica |c 2000 | ||
| 300 | |a 270 páginas | ||
| 440 | |a Sección de Obras de Eucación y Pedagogía |9 856770 | ||
| 583 | |a last modification |c 20140502 11:42:49 |k Rodrigo Vera | ||
| 650 | 0 | |a Desarrollo humano |9 349614 | |
| 650 | 0 | |a Cuentos |9 308079 | |
| 650 | 0 | |a Análisis estructural |9 260661 | |
| 650 | 0 | |a Enseñanza |9 256457 | |
| 650 | 0 | |a Comunicación |9 257251 | |
| 650 | 0 | |a Cuentos |9 308079 | |
| 650 | 7 | |a DESARROLLO DE LA INTELIGENCIA |2 CL-VaPUC |9 522440 | |
| 852 | |a BIBEDU | ||
| 942 | |c BK |2 ddc | ||
| 945 | |d 20070713 00:00:00 |a jtorresc | ||
| 952 | |0 0 |1 0 |4 0 |6 370_150000000000000_GIL_2000 |7 0 |8 A |9 408433 |a FDOPOS |b FDOPOS |d 2019-11-22 |i 4352173 |o 370.15 GIL 2000 |p 4352173 |r 2025-01-22 |w 2019-11-22 |y BK |k MLA | ||
| 952 | |0 0 |1 0 |3 erb |4 0 |6 370_150000000000000_GIL_2000 |7 0 |8 A |9 408434 |a BIBTEO |b BIBTEO |i 5071844 |o 370.15 GIL 2000 |p 5071844 |r 2025-01-17 |w 2019-11-22 |y BK |z Catalogado en:20140508 |k ICR | ||
| 952 | |0 0 |1 0 |3 erb |4 0 |6 370_150000000000000_GIL_2000 |7 0 |8 A |9 408435 |a BIBEDU |b BIBEDU |i 5245370 |o 370.15 GIL 2000 |p 5245370 |r 2019-11-22 |w 2019-11-22 |y BK |z Catalogado en:20151029 |k EPE | ||
| 952 | |0 0 |1 0 |3 erb |4 0 |6 370_150000000000000_GIL_2000 |7 0 |8 A |9 408436 |a BIBEDU |b BIBEDU |i 5245362 |o 370.15 GIL 2000 |p 5245362 |r 2019-11-22 |w 2019-11-22 |y BK |z Catalogado en:20151029 |k EPE | ||
| 952 | |0 0 |1 0 |3 erb |4 0 |6 370_150000000000000_GIL_2000 |7 0 |8 A |9 408437 |a BIBEDU |b BIBEDU |d 2019-06-24 |e 2 |g 5700.00 |i 5553490 |o 370.15 GIL 2000 |p 5553490 |r 2019-11-22 |v 5700.00 |w 2019-11-22 |y BK |z Catalogado en:20190621 |k LIT | ||
| 952 | |0 0 |1 0 |3 erb |4 0 |6 370_150000000000000_GIL_2000 |7 0 |8 A |9 408438 |a BIBEDU |b BIBEDU |i 5600723 |o 370.15 GIL 2000 |p 5600723 |r 2019-11-22 |w 2019-11-22 |y BK |z Catalogado en:20190914 |k PAR | ||